000 00942cam a2200313 4500
008 090401t1993 xxu||||| |||| 00| 0 eng d
020 _a0632032340
035 _a(Sirsi) u7020
041 _aeng
050 _a692.209411
100 _aHamilton, W.N.
245 _aScottish building regulations explained and illustrated.
260 _aOxford
_bBlackwell Scientific Publications
_c1993
300 _aca.400p. : ill. ; 25cm.
350 _a29.95
520 _aSuperseded by 2nd ed. (ISBN 0632041153).
650 _aBUILDING (SCOTLAND) ACT 1959
650 _aBUILDING CONTROL
_96222
650 _aBUILDING REGULATIONS
_96224
650 _aBUILDING STANDARDS (SCOTLAND) REGULATIONS 1990
650 _aSCOTLAND
690 _aBUILDING AND CONSTRUCTION-REGULATIONS
700 _aKennedy, P.
700 _aKilpatrick, A.R.M.
700 _aMacPherson, A.C.
700 _aMcLaughlin, R.K.
942 _n0
948 _c04/03/1997
999 _c86380
_d86380